000 00341nam a22001457a 4500
008 240126b ||||| |||| 00| 0 eng d
020 _a0931191114
041 _aeng
080 _21990 FIRST EDITION
_a53
082 _a53YOU
100 _a24
101 _aMATE
245 _aMATHEMATICS PHYSICS REALITY
_cARTHUR M.YOUNG
942 _2udc
_cBK
999 _c60561
_d60561